| 000 | 00324nam a2200121Ia 4500 | ||
|---|---|---|---|
| 008 | 230907s9999||||xx |||||||||||||| ||und|| | ||
| 082 |
_a530.475 _bVEN |
||
| 100 |
_aVenerus, David, _9115530 |
||
| 245 | 2 | _aA modern course in transport phenomena / | |
| 300 | _axxviii, 508 pages ; | ||
| 650 |
_aTextbooks. _98511 |
||
| 942 | _cBK | ||
| 999 |
_c598696 _d598696 |
||